000 00631nam a22001697a 4500
082 _a200
100 _aKhalid, Nasir
245 _aOUTPUT FEEDBACK STABILIZATION AND REGULATION FOR A CLASS OF UNDER-ACTUATED NON-MINIMUM PHASE BENCHMARK NONLINEAR SYSTEMS /
_cNASIR KHALID.
260 _aKarachi :
_bPNEC - NUST,
_c2017.
300 _a120 p.: ill.;
_c30cm.
650 _aPhD-Electrical Engineering
_984162
700 _aSupervisor:Dr. Attaullah Memon
_9124417
856 _u http://10.250.8.41:8080/xmlui/handle/123456789/22666
942 _2ddc
_cSC
999 _c527859
_d527859